000 00896cam a22002533a 4500
001 26340
003 PGUSA
005 20140828083552.0
008 080817s2008||||xxu|||||s|||||000 | eng d
040 _aPGUSA
_beng
042 _adc
050 4 _aQD
100 1 _aBasilius Valentinus
245 1 0 _aOf Natural and Supernatural Things :
_bAlso of the first Tincture, Root, and Spirit of Metals and Minerals, how the same are Conceived, Generated, Brought forth, Changed, and Augmented.
_h[electronic resource] /
_cBasilius Valentinus
260 _bProject Gutenberg,
_c2008
506 _aPublic domain in the USA.
516 _aElectronic text
653 _aAntimony -- Therapeutic use -- Early works to 1800
653 _aAlchemy -- Early works to 1800
700 1 _aCable, Daniel
830 0 _aProject Gutenberg
_v26340
856 4 0 _uhttp://www.gutenberg.org/ebooks/26340
942 _cEB
999 _c255595
_d255595